[Event "Rated Blitz game"]
[Site "?"]
[Date "2021.07.30"]
[Round "?"]
[White "superbond"]
[Black "FourNinetySix"]
[Result "0-1"]
[WhiteElo "2521"]
[BlackElo "2504"]
[PlyCount "125"]
[EventDate "2021.??.??"]
[EventType "blitz"]

1. e4 e5 2. Nf3 d5 3. exd5 Bd6 4. d4 e4 5. Ne5 Nf6 6. Bb5+ c6 7. dxc6 bxc6 8.
Nxc6 Qb6 9. Nxa7+ Bd7 10. Nc8 Bb4+ 11. Nc3 Qa5 12. O-O Bxb5 13. Nxb5 Qxb5 14.
Bf4 O-O 15. Nd6 Qd7 16. Nc4 Qf5 17. Bg3 Nbd7 18. c3 Be7 19. Ne3 Qb5 20. b4 Rfc8
21. Qb3 Qa4 22. Qxa4 Rxa4 23. a3 Rxc3 24. Rfc1 Rxc1+ 25. Rxc1 Rxa3 26. Rc8+ Nf8
27. Nc2 Rb3 28. Kf1 h6 29. Rb8 Nd5 30. b5 Nc3 31. f3 exf3 32. gxf3 Rxb5 33.
Rxb5 Nxb5 34. Ke2 Bd6 35. Bxd6 Nxd6 36. Kd3 f6 37. d5 Kf7 38. Kd4 Nd7 39. Nb4
g6 40. Nc6 h5 41. Nd8+ Ke8 42. Nc6 Nf5+ 43. Ke4 Nc5+ 44. Kf4 Kd7 45. Nb4 Kd6
46. h3 Nd4 47. Ke3 Nb5 48. f4 Nc7 49. Kd4 Nd7 50. h4 Nb6 51. f5 gxf5 52. Nc2
Nbxd5 53. Ne1 Ne6+ 54. Kd3 Nc5+ 55. Ke2 Ne4 56. Kf3 Ke6 57. Ng2 Nc5 58. Ne1 Ke5
59. Ng2 f4 60. Ne1 Nb4 61. Ng2 Nbd3 62. Ke2 Ke4 63. Ne1 {Normal} 0-1

[Event "Rated Blitz game"]
[Site "?"]
[Date "2021.07.30"]
[Round "?"]
[White "thoroughlychecked"]
[Black "blastol"]
[Result "1-0"]
[WhiteElo "2487"]
[BlackElo "2435"]
[PlyCount "35"]
[EventDate "2021.??.??"]
[EventType "blitz"]

1. e4 e5 2. Nf3 d5 3. Nxe5 Bd6 4. d4 dxe4 5. Nc4 h6 6. Nxd6+ Qxd6 7. Nc3 Nf6 8.
h3 Nc6 9. d5 Ne5 10. Nb5 Qd8 11. Bf4 Nfd7 12. Qd4 a6 13. Bxe5 axb5 14. Bxg7 Rg8
15. Bxb5 Qg5 16. Bf6 Qxg2 17. Qe5+ Kf8 18. Qe7# {Normal} 1-0

[Event "Rated Blitz game"]
[Site "?"]
[Date "2021.07.30"]
[Round "?"]
[White "dbestsmiles"]
[Black "mirekkk14"]
[Result "1-0"]
[WhiteElo "2499"]
[BlackElo "2425"]
[PlyCount "57"]
[EventDate "2021.??.??"]
[EventType "blitz"]

1. e4 e5 2. Nf3 d5 3. Nxe5 Bd6 4. d4 dxe4 5. Bc4 Bxe5 6. Qh5 Qe7 7. Qxe5 Nc6 8.
Qxg7 Qf6 9. Qxf6 Nxf6 10. c3 Rg8 11. g3 Bh3 12. Bf4 Rc8 13. Nd2 Ke7 14. O-O-O
Na5 15. b4 Nxc4 16. Nxc4 Nh5 17. Be3 f5 18. Ne5 c6 19. Rd2 Ke6 20. Kb2 b5 21.
Rhd1 Kd5 22. Rc1 f4 23. gxf4 Rg2 24. c4+ bxc4 25. Rxc4 Kd6 26. Rdc2 Bd7 27. h4
Rh2 28. Rc5 Nf6 29. b5 {Normal} 1-0

[Event "Rated Blitz game"]
[Site "?"]
[Date "2021.07.30"]
[Round "?"]
[White "Vassaux"]
[Black "FourNinetySix"]
[Result "1-0"]
[WhiteElo "2533"]
[BlackElo "2505"]
[PlyCount "99"]
[EventDate "2021.??.??"]
[EventType "blitz"]

1. e4 e5 2. Nf3 d5 3. Nxe5 Bd6 4. d4 dxe4 5. Nc4 Nf6 6. Bg5 Nc6 7. Nc3 Be7 8.
d5 Nxd5 9. Qxd5 Bxg5 10. Qxe4+ Be7 11. Rd1 Bd7 12. Nd5 O-O 13. Nxe7+ Nxe7 14.
Ne5 Re8 15. Bc4 Nd5 16. Rxd5 Qf6 17. O-O Bc6 18. f4 Bxd5 19. Qxd5 Re7 20. Nxf7
Rxf7 21. Qxf7+ Qxf7 22. Bxf7+ Kxf7 23. Rd1 Ke6 24. Kf2 a5 25. g4 Ra6 26. b3 a4
27. Ke3 axb3 28. axb3 Rc6 29. c4 Ra6 30. f5+ Ke7 31. Kf4 Ra2 32. h4 Rf2+ 33.
Kg3 Rb2 34. Rd3 h6 35. g5 hxg5 36. hxg5 c6 37. Kg4 b5 38. cxb5 cxb5 39. Kh5 Rg2
40. Kg6 b4 41. Rd4 Rg3 42. Rxb4 Kf8 43. Rb8+ Ke7 44. Rb7+ Kf8 45. Rf7+ Ke8 46.
Rxg7 Rxb3 47. Ra7 Rb6+ 48. f6 Rb5 49. Ra8+ Kd7 50. f7 {Normal} 1-0

[Event "Rated Blitz tournament Ib4eMCk4"]
[Site "?"]
[Date "2021.07.30"]
[Round "?"]
[White "www68"]
[Black "Vik1970"]
[Result "1-0"]
[WhiteElo "2630"]
[BlackElo "2237"]
[PlyCount "73"]
[EventDate "2021.??.??"]
[EventType "blitz"]

1. e4 e5 2. Nf3 d5 3. Nxe5 Bd6 4. d4 dxe4 5. Nc4 Nf6 6. Be3 O-O 7. Be2 Nc6 8.
Nxd6 cxd6 9. c4 d5 10. c5 Bf5 11. h3 Qd7 12. Nc3 Rad8 13. a3 a6 14. b4 Ne7 15.
Qb3 Ng6 16. h4 Ng4 17. h5 Nxe3 18. fxe3 Ne7 19. Kd2 Bg4 20. Raf1 Bxe2 21. Nxe2
Qg4 22. g3 Nf5 23. Rf4 Qg5 24. g4 Ne7 25. Rg1 Nc6 26. a4 Ra8 27. Rf5 Qe7 28.
Rxd5 Rfd8 29. Rxd8+ Rxd8 30. g5 Ne5 31. Rg4 Nf3+ 32. Kc1 Nxg5 33. Nf4 h6 34. d5
Qd7 35. Rg3 Qf5 36. Qc3 Nf3 37. Qxg7# {Normal} 1-0

[Event "Rated Blitz game"]
[Site "?"]
[Date "2021.07.30"]
[Round "?"]
[White "divergent_twin"]
[Black "ahoramahora"]
[Result "1-0"]
[WhiteElo "2509"]
[BlackElo "2363"]
[PlyCount "84"]
[EventDate "2021.??.??"]
[EventType "blitz"]

1. e4 e5 2. Nf3 d5 3. Nxe5 Bd6 4. d4 dxe4 5. Bc4 Bxe5 6. Qh5 Qe7 7. Qxe5 Qxe5
8. dxe5 Nc6 9. Nc3 Nxe5 10. Bb3 Bf5 11. Bf4 Ng6 12. Bxc7 Nf6 13. O-O-O O-O 14.
h3 Rac8 15. Bd6 Rfd8 16. g4 Be6 17. Bxe6 fxe6 18. Rhe1 Nd5 19. Nxd5 exd5 20.
Rxd5 Rc6 21. Red1 Kf7 22. Bg3 Rxd5 23. Rxd5 Ke6 24. Rd4 Ra6 25. a3 Kf7 26. Rxe4
Ne7 27. c4 Rc6 28. Kb1 a6 29. b4 b6 30. f4 a5 31. f5 axb4 32. axb4 h6 33. Be5
Rc8 34. Kb2 Rd8 35. Kc2 Nc6 36. Bc3 Ra8 37. Re6 Rc8 38. Kb3 b5 39. cxb5 Na7 40.
b6 Nc6 41. b7 Rc7 42. Rxc6 Rxb7 {Normal} 1-0

[Event "Rated Blitz game"]
[Site "?"]
[Date "2021.07.30"]
[Round "?"]
[White "rebelos"]
[Black "GoughPhar"]
[Result "0-1"]
[WhiteElo "2372"]
[BlackElo "2476"]
[PlyCount "36"]
[EventDate "2021.??.??"]
[EventType "blitz"]

1. e4 e5 2. Nf3 d5 3. exd5 e4 4. Ne5 Qxd5 5. d4 exd3 6. Nxd3 Nf6 7. Nc3 Qf5 8.
Be3 Nc6 9. Be2 Bd7 10. O-O O-O-O 11. a3 Bd6 12. b4 h5 13. b5 Ne5 14. a4 Nfg4
15. Bxa7 Nxh2 16. Kxh2 Nf3+ 17. Kh1 Qg4 18. g3 Qh3# {Normal} 0-1

[Event "Rated Blitz game"]
[Site "?"]
[Date "2021.07.30"]
[Round "?"]
[White "riverplatano"]
[Black "ahoramahora"]
[Result "0-1"]
[WhiteElo "2400"]
[BlackElo "2371"]
[PlyCount "52"]
[EventDate "2021.??.??"]
[EventType "blitz"]

1. e4 e5 2. Nf3 d5 3. d4 dxe4 4. Nxe5 Nd7 5. Nxd7 Bxd7 6. Bc4 Nf6 7. O-O Bd6 8.
h3 O-O 9. Bg5 h6 10. Bh4 Re8 11. Nc3 a6 12. Nd5 g5 13. Bg3 Bc6 14. Bxd6 Qxd6
15. Ne3 Nd5 16. Bxd5 Bxd5 17. c4 Bc6 18. Qh5 Bd7 19. Rad1 f5 20. h4 f4 21. Ng4
Bxg4 22. Qxg4 Qf6 23. b3 Re7 24. Rfe1 Rae8 25. d5 Rg7 26. Re2 gxh4 {Time
forfeit} 0-1

[Event "Rated Blitz game"]
[Site "?"]
[Date "2021.07.30"]
[Round "?"]
[White "jure_pl91"]
[Black "mirekkk14"]
[Result "1-0"]
[WhiteElo "2534"]
[BlackElo "2420"]
[PlyCount "65"]
[EventDate "2021.??.??"]
[EventType "blitz"]

1. e4 e5 2. Nf3 d5 3. Nxe5 Bd6 4. d4 dxe4 5. Nc4 Be7 6. Nc3 f5 7. Bf4 Nf6 8.
Ne3 c6 9. Bc4 Na6 10. a4 Nc7 11. O-O Ncd5 12. Ncxd5 cxd5 13. Bb3 O-O 14. Be5
Be6 15. a5 Kh8 16. a6 b6 17. Qb1 Qd7 18. Qa2 Rad8 19. Rfc1 g5 20. c4 dxc4 21.
Bxc4 Bxc4 22. Rxc4 Rc8 23. Rac1 Rxc4 24. Rxc4 Rc8 25. Nd5 Rxc4 26. Qxc4 Kg7 27.
Nxe7 Qxe7 28. Qc6 Kg6 29. h3 Qf7 30. Qb7 Nd7 31. Qxa7 Nxe5 32. Qxf7+ Nxf7 33.
a7 {Normal} 1-0

[Event "Rated Blitz game"]
[Site "?"]
[Date "2021.07.30"]
[Round "?"]
[White "Strauss5"]
[Black "geptil"]
[Result "0-1"]
[WhiteElo "2426"]
[BlackElo "2354"]
[PlyCount "100"]
[EventDate "2021.??.??"]
[EventType "blitz"]

1. e4 e5 2. Nf3 d5 3. Nxe5 Bd6 4. d4 dxe4 5. Nc4 Nf6 6. Bg5 O-O 7. Nc3 Be7 8.
Be2 Nc6 9. Be3 Nb4 10. O-O Nbd5 11. Nxd5 Nxd5 12. Bd2 f5 13. f3 Bf6 14. c3 b5
15. fxe4 fxe4 16. Ne3 c6 17. Qc2 Re8 18. Rae1 Kh8 19. Bd1 a6 20. Kh1 Ra7 21.
Bh5 g6 22. Bd1 Bg7 23. h3 Rae7 24. Rf2 Qd6 25. Rfe2 Nf4 26. Rf2 Nd3 27. Ref1
Nxf2+ 28. Rxf2 Qg3 29. Rf1 Bh6 30. Qc1 Bf4 31. Rxf4 Qxf4 32. Bb3 Be6 33. Nd5
Qf7 34. Nxe7 Bxb3 35. axb3 Rxe7 36. Bg5 Re8 37. b4 Qf2 38. Be3 Qg3 39. Bf4 Qd3
40. Be5+ Kg8 41. Qh6 Re7 42. Qg5 Qf1+ 43. Kh2 Qf7 44. d5 cxd5 45. Bd4 Re8 46.
h4 Rf8 47. g3 e3 48. h5 Qf2+ 49. Kh3 Qf1+ 50. Kh2 Rf2# {Normal} 0-1

[Event "Rated Blitz game"]
[Site "?"]
[Date "2021.07.30"]
[Round "?"]
[White "mohitswami1022"]
[Black "batalla2"]
[Result "1-0"]
[WhiteElo "2410"]
[BlackElo "2444"]
[PlyCount "73"]
[EventDate "2021.??.??"]
[EventType "blitz"]

1. e4 e5 2. Nf3 d5 3. exd5 e4 4. Nd4 Bd6 5. Nc3 Nf6 6. d3 exd3 7. Bxd3 O-O 8.
O-O Bg4 9. f3 Bh5 10. Nf5 Bc5+ 11. Kh1 Bg6 12. Bg5 Nbd7 13. Re1 Re8 14. Qd2 Bb4
15. a3 Ba5 16. b4 Bb6 17. Na4 Bd4 18. Nxd4 Ne5 19. Bxg6 hxg6 20. Nb3 Qxd5 21.
Qxd5 Nxd5 22. Nb2 f6 23. Bd2 Rad8 24. Rad1 c6 25. h3 f5 26. c4 Nb6 27. c5 Nd5
28. Bg5 Rc8 29. f4 Nf7 30. Nc4 Nxg5 31. fxg5 Nc3 32. Rxe8+ Rxe8 33. Rd7 Re2 34.
Nd4 Re1+ 35. Kh2 Rd1 36. Ne5 Ne4 37. Ne6 {Normal} 1-0

[Event "Rated Blitz game"]
[Site "?"]
[Date "2021.07.30"]
[Round "?"]
[White "Chess_2021_1202"]
[Black "Fantastic_power06"]
[Result "0-1"]
[WhiteElo "2494"]
[BlackElo "2654"]
[PlyCount "106"]
[EventDate "2021.??.??"]
[EventType "blitz"]

1. e4 e5 2. Nf3 d5 3. Nxe5 Bd6 4. d4 dxe4 5. Bc4 Bxe5 6. Qh5 Qe7 7. Qxe5 Qxe5
8. dxe5 Nc6 9. Bf4 Bf5 10. Nc3 Rd8 11. Nd5 Rd7 12. O-O-O Be6 13. Rhe1 Nge7 14.
Nxe7 Rxd1+ 15. Kxd1 Kxe7 16. Rxe4 Rd8+ 17. Ke2 Nd4+ 18. Kd3 Bxc4+ 19. Kxc4 Ne6
20. Be3 a6 21. f4 f5 22. exf6+ Kxf6 23. g4 g6 24. g5+ Kf7 25. Bd4 b5+ 26. Kc3
c5 27. Be5 Rd1 28. a4 Rh1 29. axb5 axb5 30. b4 Rxh2 31. bxc5 Nxc5 32. Rd4 Ke6
33. Rd6+ Kf5 34. Rd5 Ne4+ 35. Kb3 Rh1 36. Rxb5 Rb1+ 37. Kc4 Rd1 38. Rb7 Nxg5
39. fxg5 Kxe5 40. Rxh7 Kf5 41. Rg7 Kxg5 42. Kb5 Kf6 43. Rg8 Kf7 44. Rh8 g5 45.
c4 g4 46. c5 g3 47. Rh4 g2 48. Rg4 g1=Q 49. Rxg1 Rxg1 50. c6 Ke6 51. Kb6 Rb1+
52. Ka7 Rc1 53. Kb7 Kd6 {Normal} 0-1

[Event "Rated Blitz game"]
[Site "?"]
[Date "2021.07.30"]
[Round "?"]
[White "bigdu"]
[Black "magos33"]
[Result "1-0"]
[WhiteElo "2315"]
[BlackElo "2438"]
[PlyCount "55"]
[EventDate "2021.??.??"]
[EventType "blitz"]

1. e4 e5 2. Nf3 d5 3. exd5 e4 4. Qe2 Nf6 5. d3 Qxd5 6. Nc3 Bb4 7. Bd2 Bxc3 8.
Bxc3 O-O 9. dxe4 Nxe4 10. Qd3 Qxd3 11. Bxd3 Nxc3 12. bxc3 Re8+ 13. Kd2 c5 14.
Rab1 b6 15. Rhe1 Bd7 16. Ne5 Bc6 17. Bc4 Re7 18. Nxf7 Kf8 19. Ng5 Nd7 20. Ne6+
Rxe6 21. Rxe6 Rd8 22. Kc1 Bxg2 23. Kb2 Nf6 24. Rbe1 Bd5 25. Rd1 Rd7 26. Bxd5
Rxd5 27. Rxf6+ gxf6 28. Rxd5 {Normal} 1-0

[Event "Rated Blitz game"]
[Site "?"]
[Date "2021.07.30"]
[Round "?"]
[White "behrooz10000"]
[Black "khalid_ontawar"]
[Result "0-1"]
[WhiteElo "2564"]
[BlackElo "2518"]
[PlyCount "72"]
[EventDate "2021.??.??"]
[EventType "blitz"]

1. e4 e5 2. Nf3 d5 3. exd5 e4 4. Qe2 Nf6 5. Nc3 Bf5 6. d3 Bb4 7. Bd2 Bxc3 8.
Bxc3 O-O 9. Bxf6 exf3 10. Bxd8 fxe2 11. Bxc7 exf1=Q+ 12. Kxf1 Nd7 13. f3 Rfe8
14. Kf2 f6 15. Rad1 Rac8 16. d6 Nc5 17. d4 Na6 18. g4 Bd7 19. c4 Nxc7 20. dxc7
Rxc7 21. b3 b6 22. d5 a5 23. Rd2 Bc8 24. d6 Rd7 25. b4 axb4 26. Rb1 Red8 27.
Rbd1 Kf7 28. Kg3 Bb7 29. h4 Ba6 30. Rd4 Ke6 31. Re1+ Kf7 32. Red1 Rc8 33. Rc1
Rc6 34. Rb1 Rcxd6 35. Rxd6 Rxd6 36. Rxb4 Rc6 {Normal} 0-1

[Event "Rated Blitz tournament Ib4eMCk4"]
[Site "?"]
[Date "2021.07.30"]
[Round "?"]
[White "youareagmharry"]
[Black "Secret2700"]
[Result "1-0"]
[WhiteElo "2580"]
[BlackElo "2521"]
[PlyCount "51"]
[EventDate "2021.??.??"]
[EventType "blitz"]

1. e4 e5 2. Nf3 d5 3. d4 dxe4 4. Nxe5 Bd6 5. Nc4 Nf6 6. Nc3 O-O 7. Be2 Nc6 8.
Be3 Re8 9. O-O Bf5 10. d5 Ne5 11. Nxd6 Qxd6 12. h3 h5 13. Qd2 h4 14. Rad1 Rad8
15. Nb5 Qd7 16. c4 Bxh3 17. Bg5 Bg4 18. Nd4 Bxe2 19. Qxe2 Neg4 20. f3 exf3 21.
Qxf3 Qe7 22. Nf5 Qc5+ 23. Kh1 Ne5 24. Qf4 Nh5 25. Qxh4 g6 26. Nh6+ {Normal} 1-0

[Event "Rated Blitz game"]
[Site "?"]
[Date "2021.07.30"]
[Round "?"]
[White "Evgenii_Rudenko"]
[Black "FourNinetySix"]
[Result "0-1"]
[WhiteElo "2359"]
[BlackElo "2502"]
[PlyCount "34"]
[EventDate "2021.??.??"]
[EventType "blitz"]

1. e4 e5 2. Nf3 d5 3. Nxe5 Bd6 4. d4 dxe4 5. Bc4 Bxe5 6. dxe5 Qxd1+ 7. Kxd1 Nc6
8. Bd5 Bd7 9. e6 Bxe6 10. Bxe6 fxe6 11. c3 Nf6 12. Be3 O-O-O+ 13. Kc2 Nd5 14.
Re1 Rhf8 15. Re2 Nxe3+ 16. fxe3 Rf1 17. b3 Ne5 {Normal} 0-1

[Event "Rated Blitz game"]
[Site "?"]
[Date "2021.07.29"]
[Round "?"]
[White "lindenice"]
[Black "blastol"]
[Result "0-1"]
[WhiteElo "2399"]
[BlackElo "2447"]
[PlyCount "72"]
[EventDate "2021.??.??"]
[EventType "blitz"]

1. e4 e5 2. Nf3 d5 3. exd5 Bd6 4. Nc3 Nf6 5. Bc4 e4 6. Nd4 O-O 7. h3 Qe7 8. Qe2
a6 9. a3 Re8 10. b4 Qe5 11. Qe3 a5 12. Rb1 axb4 13. axb4 Na6 14. Bxa6 Rxa6 15.
b5 Ra8 16. b6 Bc5 17. Nc6 Qd6 18. Nb5 Qxd5 19. Nxc7 Qxc6 20. Qb3 Be6 21. Qb5
Bxf2+ 22. Kxf2 e3+ 23. dxe3 Ne4+ 24. Kg1 Qxc2 25. Kh2 Bc4 26. Qb2 Qd3 27. Nxe8
Rxe8 28. Qd4 Qxb1 29. Qxc4 Qxb6 30. Re1 Qd6+ 31. Kg1 Qg3 32. Rf1 Ng5 33. Kh1
Rf8 34. Qd4 Ne6 35. Qe4 Qg6 36. Qxb7 Qd3 {Time forfeit} 0-1

[Event "Rated Blitz game"]
[Site "?"]
[Date "2021.07.29"]
[Round "?"]
[White "szachmatcom"]
[Black "ahoramahora"]
[Result "1-0"]
[WhiteElo "2426"]
[BlackElo "2335"]
[PlyCount "39"]
[EventDate "2021.??.??"]
[EventType "blitz"]

1. e4 e5 2. Nf3 d5 3. exd5 e4 4. Nd4 Qxd5 5. Nb3 Qe5 6. Qe2 Nc6 7. Qb5 Nf6 8.
Nc3 a6 9. Qxe5+ Nxe5 10. h3 Be6 11. g4 h6 12. Bg2 Nf3+ 13. Ke2 Ng5 14. Nd4 Bc4+
15. d3 exd3+ 16. cxd3 Bc5 17. Bxb7 Bd5 18. Nxd5 Nxd5 19. Bxa8 Nf4+ 20. Bxf4 {
Normal} 1-0

[Event "Rated Blitz game"]
[Site "?"]
[Date "2021.07.29"]
[Round "?"]
[White "Zadokhlik"]
[Black "ahoramahora"]
[Result "1-0"]
[WhiteElo "2585"]
[BlackElo "2429"]
[PlyCount "45"]
[EventDate "2021.??.??"]
[EventType "blitz"]

1. e4 e5 2. Nf3 d5 3. d3 dxe4 4. dxe4 Qxd1+ 5. Kxd1 Bg4 6. Be3 Nc6 7. c3 O-O-O+
8. Nbd2 Bxf3+ 9. gxf3 Nf6 10. Kc2 Nh5 11. b4 Be7 12. a4 h6 13. Nc4 Bf6 14. b5
Ne7 15. Bxa7 Nf4 16. a5 c6 17. b6 Kd7 18. a6 bxa6 19. b7 Ke6 20. Nb6 Rb8 21.
Bc4+ Kd6 22. Rhd1+ Kc5 23. Ra5# {Normal} 1-0

[Event "Rated Blitz game"]
[Site "?"]
[Date "2021.07.29"]
[Round "?"]
[White "EvgenyBurmakin"]
[Black "Artem_0degov"]
[Result "1-0"]
[WhiteElo "2451"]
[BlackElo "2677"]
[PlyCount "157"]
[EventDate "2021.??.??"]
[EventType "blitz"]

1. e4 e5 2. Nf3 d5 3. exd5 e4 4. Qe2 Nf6 5. Nc3 Be7 6. Nxe4 O-O 7. Nxf6+ Bxf6
8. d4 Re8 9. Be3 Qxd5 10. Qc4 Qa5+ 11. c3 Be6 12. Qb5 Nc6 13. Qxa5 Nxa5 14. Bd3
Nc4 15. Bxc4 Bxc4 16. Kd2 h6 17. Rhe1 g5 18. b3 Bd5 19. c4 Be4 20. Rad1 Rad8
21. Kc1 g4 22. Ne5 Bxe5 23. dxe5 Rxd1+ 24. Rxd1 Bxg2 25. Rd7 c5 26. Bxc5 Rxe5
27. Be3 h5 28. Kd2 h4 29. Kc3 g3 30. hxg3 h3 31. Rd8+ Kg7 32. Bd4 f6 33. Bxe5
fxe5 34. Rd1 h2 35. Kb4 h1=Q 36. Rxh1 Bxh1 37. Kc5 Kf6 38. Kd6 a5 39. a3 Bc6
40. b4 axb4 41. axb4 Kf5 42. b5 Bf3 43. c5 e4 44. c6 bxc6 45. b6 e3 46. b7 exf2
47. b8=Q f1=Q 48. Qf8+ Kg4 49. Qf4+ Kh3 50. Qh4+ Kg2 51. Qd4 Qe2 52. g4 Bxg4
53. Kxc6 Bf3+ 54. Kd6 Qe1 55. Qg7+ Kf1 56. Qb2 Qd1+ 57. Ke6 Qd5+ 58. Ke7 Qe4+
59. Kf7 Be2 60. Qf6+ Ke1 61. Qc3+ Kd1 62. Qa1+ Kd2 63. Qb2+ Ke3 64. Qb4 Kf2 65.
Qxe4 Bf3 66. Qf5 Ke3 67. Kf6 Be4 68. Qe5 Kd3 69. Ke6 Bf3 70. Kd6 Be4 71. Kc5
Bf3 72. Qd4+ Ke2 73. Qf4 Kf2 74. Kd4 Ke2 75. Qe3+ Kd1 76. Qxf3+ Kc2 77. Qf2+
Kc1 78. Kc3 Kb1 79. Qb2# {Normal} 1-0

[Event "Rated Blitz game"]
[Site "?"]
[Date "2021.07.29"]
[Round "?"]
[White "stjepanMNE"]
[Black "annaly1979"]
[Result "0-1"]
[WhiteElo "2430"]
[BlackElo "2417"]
[PlyCount "42"]
[EventDate "2021.??.??"]
[EventType "blitz"]

1. e4 e5 2. Nf3 d5 3. exd5 e4 4. Qe2 f5 5. d3 Nf6 6. Nc3 Bb4 7. dxe4 Bxc3+ 8.
bxc3 fxe4 9. Nd4 O-O 10. h3 c5 11. dxc6 Nxc6 12. Nxc6 bxc6 13. Qc4+ Kh8 14. Be3
a5 15. Qc5 Nd5 16. Be2 Bd7 17. O-O Qf6 18. Bd4 Qg6 19. Kh2 Nf4 20. Bg4 Bxg4 21.
hxg4 Qxg4 {Time forfeit} 0-1

[Event "Rated Blitz game"]
[Site "?"]
[Date "2021.07.29"]
[Round "?"]
[White "BMpachess"]
[Black "pasha1984"]
[Result "0-1"]
[WhiteElo "2381"]
[BlackElo "2404"]
[PlyCount "74"]
[EventDate "2021.??.??"]
[EventType "blitz"]

1. e4 e5 2. Nf3 d5 3. Nxe5 dxe4 4. Bc4 Qg5 5. d4 Qxg2 6. Rf1 Be6 7. Bxe6 fxe6
8. Bf4 Nf6 9. Qe2 Nc6 10. Nxc6 bxc6 11. Qc4 Kd7 12. Nd2 Qg4 13. Be5 Bd6 14. f3
Qh4+ 15. Ke2 exf3+ 16. Nxf3 Qe4+ 17. Kf2 Ng4+ 18. Kg1 Bxe5 19. Rae1 Qg6 20. Kh1
Bd6 21. Nh4 Qh5 22. Qxe6+ Kd8 23. Rf7 Qd5+ 24. Qxd5 cxd5 25. Nf5 Re8 26. Rxe8+
Kxe8 27. Nxd6+ cxd6 28. Rxg7 Nf6 29. Kg2 Rb8 30. b3 Rc8 31. Rxa7 Rxc2+ 32. Kg3
Rd2 33. Ra4 Kd7 34. Ra7+ Kc6 35. Rf7 Ne4+ 36. Kf3 Rf2+ 37. Ke3 Rxf7 {Normal}
0-1

[Event "Rated Blitz game"]
[Site "?"]
[Date "2021.07.29"]
[Round "?"]
[White "szachmatcom"]
[Black "ahoramahora"]
[Result "1-0"]
[WhiteElo "2426"]
[BlackElo "2335"]
[PlyCount "135"]
[EventDate "2021.??.??"]
[EventType "blitz"]

1. e4 e5 2. Nf3 d5 3. exd5 e4 4. Nd4 Qxd5 5. Nb3 Qe5 6. Nc3 Nf6 7. Be2 Bd6 8.
g3 Bh3 9. d4 exd3 10. Qxd3 O-O 11. Bf4 Qe6 12. Bxd6 cxd6 13. O-O-O Nc6 14. Nd4
Nxd4 15. Qxd4 Rac8 16. Qxd6 Qe8 17. Bb5 Qe6 18. Qxe6 Bxe6 19. Rhe1 a6 20. Bf1
b5 21. a3 Rc7 22. Rd4 Rb8 23. Red1 Rcc8 24. h3 h6 25. f4 Nh5 26. g4 Ng3 27. Bg2
h5 28. f5 Bc4 29. b3 Bxb3 30. cxb3 Rxc3+ 31. Kb2 Rbc8 32. Rd8+ Kh7 33. Rxc8
Rxc8 34. Rd3 h4 35. Re3 a5 36. Bd5 f6 37. Rc3 Rd8 38. Rd3 Kh6 39. b4 axb4 40.
axb4 Kg5 41. Rd1 Kf4 42. Kb3 Ke3 43. Bf3 Rxd1 44. Bxd1 Kf2 45. Kc3 Kg2 46. Kd4
Kxh3 47. Kc5 Kg2 48. g5 h3 49. Bb3 Ne2 50. Bd5+ Kg1 51. Kxb5 Nc3+ 52. Kc4 Nxd5
53. b5 h2 54. b6 h1=Q 55. b7 Nb6+ 56. Kb5 Nd7 57. Ka6 Nb8+ 58. Ka7 Qc6 59. Kxb8
Qb6 60. gxf6 gxf6 61. Kc8 Qc6+ 62. Kb8 Kf2 63. Ka7 Qxb7+ 64. Kxb7 Ke3 65. Kc6
Kf4 66. Kd6 Kg5 67. Ke6 Kf4 68. Kxf6 {Time forfeit} 1-0

[Event "Rated Blitz game"]
[Site "?"]
[Date "2021.07.29"]
[Round "?"]
[White "maestropyrig2503"]
[Black "ahoramahora"]
[Result "1/2-1/2"]
[WhiteElo "2428"]
[BlackElo "2354"]
[PlyCount "92"]
[EventDate "2021.??.??"]
[EventType "blitz"]

1. e4 e5 2. Nf3 d5 3. exd5 e4 4. Nd4 Qxd5 5. Nb3 Qe5 6. Nc3 Nf6 7. Be2 Bd6 8.
g3 Bh3 9. d4 exd3 10. Qxd3 O-O 11. Bf4 Qe7 12. Bxd6 cxd6 13. O-O-O Nc6 14. Qxd6
Rfe8 15. Qxe7 Rxe7 16. Bf3 Rae8 17. Bxc6 bxc6 18. Nd4 Bg2 19. Rhg1 Bd5 20. Nxd5
cxd5 21. Nf3 Re2 22. Rge1 Ng4 23. Rxe2 Rxe2 24. Rxd5 h6 25. Rd2 Rxd2 26. Kxd2
Nxf2 27. Ke3 Ng4+ 28. Kd4 Kf8 29. c4 Ke7 30. c5 Nf2 31. b4 Kd7 32. a4 Kc6 33.
b5+ Kc7 34. Ne5 f6 35. Nf3 Ng4 36. Kd5 Ne3+ 37. Ke6 Nc4 38. Kf7 Ne5+ 39. Kxg7
Nxf3 40. Kxf6 Nxh2 41. Kg6 Nf1 42. Kxh6 Nxg3 43. Kg6 Ne4 44. b6+ axb6 45. cxb6+
Kxb6 46. a5+ Kxa5 {Normal} 1/2-1/2

[Event "Rated Blitz game"]
[Site "?"]
[Date "2021.07.29"]
[Round "?"]
[White "BurnazovicE"]
[Black "jsequera"]
[Result "1-0"]
[WhiteElo "2422"]
[BlackElo "2431"]
[PlyCount "115"]
[EventDate "2021.??.??"]
[EventType "blitz"]

1. e4 e5 2. Nf3 d5 3. Nxe5 Bd6 4. d4 dxe4 5. Nc3 Bxe5 6. dxe5 Qxd1+ 7. Nxd1 Nc6
8. Bb5 Bd7 9. Bf4 Nge7 10. Nc3 O-O-O 11. O-O-O a6 12. Bc4 Ng6 13. Bg5 Rdf8 14.
Nxe4 Ncxe5 15. Bd5 f6 16. Be3 Ng4 17. Bc5 Re8 18. f3 N4e5 19. Be3 Be6 20. Bxe6+
Rxe6 21. h4 Nc4 22. Bd4 Nf4 23. Kb1 Nxg2 24. Rdg1 Rd8 25. Bc3 Nf4 26. Rxg7 Ne2
27. Bxf6 Nd2+ 28. Nxd2 Rxf6 29. Nb3 h6 30. a3 Rxf3 31. Re1 Nf4 32. Ree7 Nd5 33.
Re6 Rd6 34. Re8+ Rd8 35. Re6 Rd6 36. Rg8+ Kd7 37. Rxd6+ cxd6 38. Rg7+ Kc8 39.
Nd4 Rf4 40. Ne6 Rxh4 41. Nf8 Nb6 42. Ne6 Nd5 43. b3 Nc3+ 44. Kb2 Ne4 45. Rc7+
Kb8 46. Re7 d5 47. Nd8 Rh2 48. Nxb7 h5 49. Na5 Kc8 50. Nc6 Nc5 51. Rh7 Nd3+ 52.
Kc3 Nf4 53. Kb4 Rxc2 54. Ne7+ Kb8 55. Ka5 Rc3 56. b4 Rxa3+ 57. Kb6 Ng6 58. Nc6+
{Time forfeit} 1-0

[Event "Rated Blitz game"]
[Site "?"]
[Date "2021.07.29"]
[Round "?"]
[White "YEIKOCASTELLA"]
[Black "Maltinho"]
[Result "0-1"]
[WhiteElo "2485"]
[BlackElo "2570"]
[PlyCount "70"]
[EventDate "2021.??.??"]
[EventType "blitz"]

1. e4 e5 2. Nf3 d5 3. exd5 Bd6 4. Nc3 Nf6 5. d4 e4 6. Ne5 O-O 7. Bg5 Re8 8. Nc4
h6 9. Bh4 Bf5 10. Be2 a6 11. Nxd6 Qxd6 12. Bg3 Qd7 13. O-O b5 14. a3 Nxd5 15.
Nxd5 Qxd5 16. Bxc7 Nc6 17. c3 Bh7 18. Bf4 f5 19. a4 g5 20. Bd2 f4 21. Bg4 Na5
22. axb5 axb5 23. Bh5 Re7 24. b4 Nc4 25. Rxa8+ Qxa8 26. Bc1 Qd5 27. h4 Bf5 28.
hxg5 hxg5 29. Bg4 Bg6 30. g3 e3 31. fxe3 Nxe3 32. Bxe3 Rxe3 33. Rf3 Qe4 34.
Rxe3 Qxe3+ 35. Kh1 Be4+ {Normal} 0-1

[Event "Rated Blitz tournament wTAkQ9rs"]
[Site "?"]
[Date "2021.07.29"]
[Round "?"]
[White "fiedelerbauer"]
[Black "miguelsimoes"]
[Result "1/2-1/2"]
[WhiteElo "2217"]
[BlackElo "2410"]
[PlyCount "138"]
[EventDate "2021.??.??"]
[EventType "blitz"]

1. e4 e5 2. Nf3 d5 3. exd5 e4 4. Qe2 Nf6 5. Nc3 Bf5 6. Nh4 Qd7 7. Nxf5 Qxf5 8.
d3 Bb4 9. Bd2 O-O 10. dxe4 Qe5 11. f4 Qe7 12. e5 Bxc3 13. Bxc3 Nxd5 14. Bd2 Nc6
15. Qf3 Qc5 16. Bd3 Nd4 17. Qe4 f5 18. exf6 Rae8 19. O-O-O Rxe4 20. Bxe4 Nxf6
21. Bd3 Ng4 22. Bc3 Nf2 23. Bxd4 Qxd4 24. Bxh7+ Kxh7 25. Rxd4 Nxh1 26. Kd2 Nf2
27. h3 Re8 28. Rd7 Ne4+ 29. Kd1 Nf2+ 30. Kd2 Ne4+ 31. Kd1 Rf8 32. Rxc7 Rxf4 33.
Rxb7 Rf2 34. g4 Rd2+ 35. Kc1 Rh2 36. b3 Rxh3 37. Rxa7 Rg3 38. Kb2 Rxg4 39. a4
Kh6 40. a5 Rf4 41. a6 Rf6 42. Ra8 g5 43. a7 Ra6 44. Rh8+ Kg6 45. a8=Q Rxa8 46.
Rxa8 Kf5 47. Ra5+ Kf4 48. Rb5 g4 49. Rb8 g3 50. Rg8 Ng5 51. Rf8+ Ke3 52. Rf1
Nh3 53. Rh1 Kf4 54. Kc3 g2 55. Re1 Kf3 56. Kd3 Kf2 57. Ra1 Nf4+ 58. Ke4 Ne2 59.
c4 Ng3+ 60. Kd3 Nf1 61. Ra2+ Kg3 62. Rxg2+ Kxg2 63. c5 Ng3 64. c6 Nf5 65. c7
Nd6 66. b4 Kf3 67. b5 Nc8 68. b6 Nxb6 69. c8=Q Nxc8 {Normal} 1/2-1/2